Industry bodies back SPLINTA (Record no. 67384)
[ view plain ]
| 000 -LEADER | |
|---|---|
| fixed length control field | 00950cam a2200193 4500 |
| 001 - CONTROL NUMBER | |
| control field | WB3724-40 |
| 008 - FIXED-LENGTH DATA ELEMENTS--GENERAL INFORMATION | |
| fixed length control field | 000000n2001 000 0 eng u |
| 035 ## - SYSTEM CONTROL NUMBER | |
| System control number | (Sirsi) u113161 |
| 245 ## - TITLE STATEMENT | |
| Title | Industry bodies back SPLINTA |
| 260 ## - PUBLICATION, DISTRIBUTION, ETC. | |
| Date of publication, distribution, etc. | 2001 |
| 490 ## - SERIES STATEMENT | |
| Series statement | Negotiator |
| Volume/sequential designation | 16(12) 15 June 2001, 5(1) |
| 520 ## - SUMMARY, ETC. | |
| Summary, etc. | The anti-Seller's Pack pressure group SPLINTA, which stands for 'Seller's Pack Law is not the Answer', that has so far been backed by 219 individuals, has gained further significant support from industry bodies. The Law Society and Land Law Committee, the Independent Association of Estate Agents, Knight Frank Corporate, and the Independent Mortgage Lenders Association, have all given their backing to the pressure group. SPLINTA has also called on the NAEA to ballot its members. |
| 590 ## - LOCAL NOTE (RLIN) | |
| Local note | WB |
| 650 ## - SUBJECT ADDED ENTRY--TOPICAL TERM | |
| Topical term or geographic name entry element | SPLINTA |
| 650 ## - SUBJECT ADDED ENTRY--TOPICAL TERM | |
| Topical term or geographic name entry element | SELLERS PACKS |
| 650 ## - SUBJECT ADDED ENTRY--TOPICAL TERM | |
| Topical term or geographic name entry element | PRESSURE GROUP |
| 690 ## - LOCAL SUBJECT ADDED ENTRY--TOPICAL TERM (OCLC, RLIN) | |
| Topical term or geographic name as entry element | PROPERTY AND LAND LAW-AGENCY |
| 942 ## - ADDED ENTRY ELEMENTS (KOHA) | |
| Suppress in OPAC | 0 |
| Withdrawn status | Lost status | Source of classification or shelving scheme | Damaged status | Not for loan | Home library | Current library | Shelving location | Date acquired | Total Checkouts | Full call number | Barcode | Date last seen | Copy number | Price effective from | Koha item type |
|---|---|---|---|---|---|---|---|---|---|---|---|---|---|---|---|
| Dewey Decimal Classification | London | London | News article | 19/06/2001 | WB3724-40 | 113161-1001 | 06/08/2019 | 1 | 06/08/2019 | News article |